La Casa del Dragón Quiz (Nivel 1) - Estadísticas

Estadísticas generales
  • Esta prueba ha sido intentada 783 veces
  • La puntuación promedio es 10 de 15
Estadísticas de respuestas
Hint Respuesta % Correcto
Mano del Rey de apellido Hightower. Otto Hightower
93%
Nombre del Rey de Poniente durante la mayor parte de la primera temporada. Viserys Targareyn
93%
Hijda de la mano del Rey. Alicent Hightower
88%
Heredera al trono por decreto del Rey. Rhenyra Targaryen
85%
Color con el que son asociados los opositores de Rhaenyra. Verde
75%
Nombre de "Luke" Velaryon. Lucerys Velaryon
72%
Hermano menor del Rey que desea quedarse con el trono. Daemon Targaryen
71%
Perdio un ojo a manos de "Luke" Velaryon. Aemond Targaryen
63%
Parte del cuerpo asociada a Larys Strong. Pie
63%
Hijo menor de Rhaenyra Targaryen y Laeonr Velaryon. Joffrey Velaryon
61%
Guardia real que tuvo intimidad con Rhaenyra Targaryen. Ser Criston Cole
54%
Nombra una de las hijas de Laena Velaryon. Rhaena y Baela
52%
Nombre del dragon mas grande vivo. Vhagar
47%
Asentamiento de la casa Velaryon. Marcaderiva
42%
Nombre del dragon de Jacaerys Velaryon Vermax
40%
No se encontraron pruebas coincidentes
Distribución de puntuación
Porcentaje de gente con cada puntuación
Porcentaje por número respondido
Historial de tus puntuaciones
No has intentado esta prueba.